<?xml version="1.0" encoding="UTF-8"?><?xml-stylesheet type="text/xsl" href="static/style.xsl"?><OAI-PMH xmlns="http://www.openarchives.org/OAI/2.0/" xmlns:xsi="http://www.w3.org/2001/XMLSchema-instance" xsi:schemaLocation="http://www.openarchives.org/OAI/2.0/ http://www.openarchives.org/OAI/2.0/OAI-PMH.xsd"><responseDate>2026-04-30T05:20:45Z</responseDate><request verb="GetRecord" identifier="oai:uvadoc.uva.es:10324/6866" metadataPrefix="marc">https://uvadoc.uva.es/oai/request</request><GetRecord><record><header><identifier>oai:uvadoc.uva.es:10324/6866</identifier><datestamp>2021-06-29T10:11:02Z</datestamp><setSpec>com_10324_38</setSpec><setSpec>col_10324_852</setSpec></header><metadata><record xmlns="http://www.loc.gov/MARC21/slim" xmlns:doc="http://www.lyncode.com/xoai" xmlns:xsi="http://www.w3.org/2001/XMLSchema-instance" xmlns:dcterms="http://purl.org/dc/terms/" xsi:schemaLocation="http://www.loc.gov/MARC21/slim http://www.loc.gov/standards/marcxml/schema/MARC21slim.xsd">
<leader>00925njm 22002777a 4500</leader>
<datafield tag="042" ind1=" " ind2=" ">
<subfield code="a">dc</subfield>
</datafield>
<datafield tag="720" ind1=" " ind2=" ">
<subfield code="a">Calvo Castro, Sara</subfield>
<subfield code="e">author</subfield>
</datafield>
<datafield tag="260" ind1=" " ind2=" ">
<subfield code="c">2014</subfield>
</datafield>
<datafield tag="520" ind1=" " ind2=" ">
<subfield code="a">En este trabajo se muestra cómo estimular, desarrollar y trabajar las habilidades que los seres humanos tienen desde edades tempranas con el fin de preparar a los alumnos a ser personas independientes y ciudadanos seguros. Para conseguir este objetivo nos centramos en una nueva práctica metodológica y didáctica basada en la teoría de las inteligencias múltiples propuesta por Howard Gardner. Así empezamos con la definición de inteligencia, el concepto básico de esta teoría, y su evolución a través de la historia. A continuación, analizaremos cada una de las ocho inteligencias identificadas por Gardner y, por último, diseñaremos una propuesta didáctica basada en esta teoría. Con esta propuesta se pretende lograr un nuevo proceso de enseñanza-aprendizaje, más completo y eficaz que mejore la motivación del alumno y de a los niños la posibilidad de desarrollar todas sus habilidades al máximo, así como, su potencial de aprendizaje.</subfield>
</datafield>
<datafield tag="024" ind2=" " ind1="8">
<subfield code="a">http://uvadoc.uva.es/handle/10324/6866</subfield>
</datafield>
<datafield ind1=" " ind2=" " tag="653">
<subfield code="a">Inteligencia</subfield>
</datafield>
<datafield ind1=" " ind2=" " tag="653">
<subfield code="a">Aprendizaje</subfield>
</datafield>
<datafield ind1=" " ind2=" " tag="653">
<subfield code="a">Mente y cuerpo</subfield>
</datafield>
<datafield tag="245" ind1="0" ind2="0">
<subfield code="a">Las Inteligencias Múltiples: Propuesta didáctica en un aula de Educación Primaria</subfield>
</datafield>
</record></metadata></record></GetRecord></OAI-PMH>